| 000 | 02052nam a2200373 4500 | ||
|---|---|---|---|
| 001 | 114287 | ||
| 003 | DR-UNIBE | ||
| 005 | 20251210145159.0 | ||
| 008 | 251210b2025 gw ||||| |||| 00| 0 eng d | ||
| 020 | _a9783406840500 (C.H. Beck) | ||
| 020 | _a9781509996100 (Hart) | ||
| 040 |
_aBIBLIOTECA UNIBE _bspa _cBIBLIOTECA UNIBE |
||
| 041 | _aeng | ||
| 082 |
_222 _a347.09 C737g 2025 |
||
| 245 | 0 | 4 |
_aThe complete guide to the Willem C. Vis international commercial arbitration moot / _cMarkus Altenkirch [y otros cuatro] |
| 246 | 3 | _aThe complete but unofficial guide to the Willem C. Vis international commercial arbitration moot | |
| 250 | _aOctava edición | ||
| 260 |
_aMünchen, Germany : _bC. H. Beck ; $a Oxford, United Kingdom : _bHart ; _aBaden-Baden, Germany : _bNomos, _c2025 |
||
| 300 |
_axv, 260 páginas : _bilustraciones (algunas a color), mapas a color, retratos ; _c23 cm |
||
| 505 | 0 | _aChapter I. The Vis Moot: a lifetime experience | Chapter II. The Vis Moot: facts and figures | Chapter III. How to start | Chapter IV. How to write effective memoranda | Chapter V. How to present your case before the Arbitral Tribunal | Chapter VI. Virtual hearings | Chapter VII. AI in the Vis Moot | Chapter VIII. Seven days in Vienna and Hong Kong | Chapter IX. Where to go from here | Chapter X. Coaching | Chapter XI. Views from the Dachgeschoss | Chapter XII. Views from around the world. | |
| 611 | 2 | 0 |
_aWillem C. Vis International Commercial Arbitration Moot _9201434 |
| 650 | 7 |
_2lemb _aArbitramento comercial internacional _vGuías _9201458 |
|
| 650 | 7 |
_2lemb _aTribunales internacionales |
|
| 650 | 7 | _aMediación internacional | |
| 653 | _aTribunales simulados | ||
| 655 | 7 |
_2lemb _aGuías _9201459 |
|
| 700 | 1 |
_aAltenkirch, Markus _eautor _9147464 |
|
| 700 | 1 |
_aHarbst, Ragnar _eautor _9147465 |
|
| 700 | 1 |
_aKeilmann, Annette _eautor _9147466 |
|
| 700 | 1 |
_aReiser, Lisa _eautor _9147467 |
|
| 700 | 1 |
_aRisse, Jörg, _d1967- _eautor _eeditor _9201437 |
|
| 700 | 1 |
_aBergsten, Eric E. _eprologuista _9201440 |
|
| 942 |
_2ddc _cBK |
||
| 999 |
_c114287 _d114287 |
||